| LEADER |
01337nam0a2200241 450 |
| 001 |
16868371 |
| 010 |
|
|
|a 978-2-01-725-370-9
|b rel.
|d 11
|
| 100 |
|
|
|a 20260529d2026 u u0frey01 ba
|
| 101 |
0 |
|
|a fre
|
| 102 |
|
|
|a FR
|
| 200 |
0 |
|
|a Astérix en Lusitanie
|f texte, Fabcaro
|g dessins, Didier Conrad - mise en couleur, Thierry Mébarki - [d'après les personnages de] Goscinny et Uderzo
|
| 207 |
|
1 |
|a
|
| 210 |
|
|
|a Paris
|c les Editions Albert René
|d DL 2025
|
| 215 |
|
|
|a 1 vol. (48 p.)
|c ill. en coul.
|d 30 cm
|
| 225 |
1 |
|
|a Une aventure d'Astérix
|v 41
|
| 330 |
|
|
|a Par un beau matin de printemps, un inconnu débarque au village. Il arrive de Lusitanie, cette terre de soleil à louest de lHispanie qui se trouve également sous la férule de Rome. Cet ancien esclave croisé dans le Domaine des dieux est venu demander de laide à nos irréductibles Gaulois car il connaît les effets puissants de la Potion Magique. Pour Astérix et Obélix, une nouvelle aventure commence !
|
| 700 |
|
0 |
|a Fabcaro
|c auteur de bandes dessinées
|f 1973-....
|4 70
|
| 702 |
|
0 |
|a Conrad
|b Didier
|f 1959-....
|4 440
|
| 702 |
|
0 |
|a Goscinny
|b René
|f 1926-1977
|4 100
|
| 702 |
|
0 |
|a Uderzo
|b Albert
|f 1927-....
|4 100
|
| 900 |
|
|
|a Bande Dessinée (enfants)
|
| 901 |
|
|
|a Jeunesse
|
| 995 |
|
|
|a Médiathèque
|c Médiathèque
|f 089021931
|h 089021931
|k BD AST
|o p
|q j
|r az
|e Médiathèque
|